|
|
|
|
| LEADER |
00000nam0a2200000 4500 |
| 001 |
273230 |
| 005 |
20231101234617.0 |
| 020 |
|
|
|a RU
|b 87-75429
|
| 035 |
|
|
|a (RuTPU)RU\TPU\book\296439
|
| 090 |
|
|
|a 273230
|
| 100 |
|
|
|a 20141024d1987 k y0rusy5003 ca
|
| 101 |
0 |
|
|a rus
|
| 102 |
|
|
|a KZ
|
| 105 |
|
|
|a y z 001zy
|
| 200 |
1 |
|
|a Развитие инфраструктуры и снижение потерь
|f Б. П. Чумаченко
|
| 210 |
|
|
|a Алма-Ата
|c Казахстан
|d 1987
|
| 215 |
|
|
|a 118 с.
|
| 320 |
|
|
|a Библиогр. в примеч.
|
| 606 |
1 |
|
|a Агропромышленный комплекс, предприятия
|x Экономика
|2 stltpush
|3 (RuTPU)RU\TPU\subj\69829
|9 84518
|
| 610 |
1 |
|
|a инфраструктура
|
| 610 |
1 |
|
|a сельское хозяйство
|
| 610 |
1 |
|
|a Казахстан
|
| 610 |
1 |
|
|a эффективность
|
| 610 |
1 |
|
|a потери
|
| 610 |
1 |
|
|a капиталовложения
|
| 686 |
|
|
|a У9(2)32
|v LBC/SL-A
|2 rubbk
|
| 700 |
|
1 |
|a Чумаченко
|b Б. П.
|g Борис Петрович
|
| 801 |
|
0 |
|a RU
|b RuMRKP
|c 19950417
|g psbo
|
| 801 |
|
1 |
|a RU
|b 63413507
|c 20141024
|
| 801 |
|
2 |
|a RU
|b 63413507
|c 20170111
|g RCR
|
| 942 |
|
|
|c BK
|